LEADER 01243nam--2200397---450- 001 990006162220203316 005 20160721111210.0 010 $a88-87030-43-X 035 $a000616222 035 $aUSA01000616222 035 $a(ALEPH)000616222USA01 035 $a000616222 100 $a20160721d2002----km-y0itay50------ba 101 $aita 102 $aIT 105 $a||||||||001yy 200 1 $aNozioni di economia$eper i corsi di Estimo e di Valutazione economica dei progetti$fcoordinamento e presentazione di Nicola Morano$gcontributi di Benedetto Manganelli, Antonio Nestic̣, Andrea Guadalupi 210 $aSalerno$cCUES$d2002 215 $a240 p.$d24 cm 225 2 $aIngegneria 410 0$12001$aIngegneria 606 0 $aEstimo edilizio$2BNCF 606 0 $aEdilizia$xProgettazione$xCosti [e] Benefici 676 $a338.4769 702 1$aMORANO,$bNicola 702 1$aMANGANELLI,$bBenedetto 702 1$aNESTIC̉,$bAntonio 702 1$aGUADALUPI,$bAndrea 801 0$aIT$bsalbc$gISBD 912 $a990006162220203316 951 $a338.476 NOZ$b1047 Crd.$c338$d00331410 959 $aBK 969 $aCRD 979 $aPAOLA$b90$c20160721$lUSA01$h1112 996 $aNozioni di economia$9879763 997 $aUNISA